<?xml version="1.0" encoding="UTF-8"?>
<record
    xmlns:xsi="http://www.w3.org/2001/XMLSchema-instance"
    xsi:schemaLocation="http://www.loc.gov/MARC21/slim http://www.loc.gov/standards/marcxml/schema/MARC21slim.xsd"
    xmlns="http://www.loc.gov/MARC21/slim">

  <leader>03930nam a22003377a 4500</leader>
  <controlfield tag="001">TPED 0453</controlfield>
  <controlfield tag="003">gtcocun</controlfield>
  <controlfield tag="005">20250807190031.0</controlfield>
  <controlfield tag="006">a||||gr|||| 00| 0 </controlfield>
  <controlfield tag="007">ta</controlfield>
  <controlfield tag="008">250807b2022    gt ||||| m||| 00| 0 eng d</controlfield>
  <datafield tag="040" ind1=" " ind2=" ">
    <subfield code="a">gtcocun</subfield>
    <subfield code="b">SPA</subfield>
    <subfield code="c">gtcocun</subfield>
    <subfield code="e">RDA</subfield>
  </datafield>
  <datafield tag="041" ind1=" " ind2=" ">
    <subfield code="a">SPA  TPED 0453</subfield>
  </datafield>
  <datafield tag="084" ind1=" " ind2=" ">
    <subfield code="0">TPED 0453</subfield>
  </datafield>
  <datafield tag="100" ind1=" " ind2=" ">
    <subfield code="a">L&#xF3;pez de Paz, Carla Anabely </subfield>
    <subfield code="e">Autor</subfield>
  </datafield>
  <datafield tag="245" ind1=" " ind2=" ">
    <subfield code="a">INFORME FINAL DEL EJERCICIO PROFESIONAL SUPERVISADO REALIZADO EN LA SUPERVISI&#xD3;N EDUCATIVA DEL DISTRITO ESCOLAR 16-12-23 DEL MUNICIPIO DE SANTA MAR&#xCD;A CAHAB&#xD3;N,  ALTA VERAPAZ/</subfield>
    <subfield code="c">Carla Anabely L&#xF3;pez de Paz</subfield>
    <subfield code="h">Impreso</subfield>
  </datafield>
  <datafield tag="264" ind1=" " ind2=" ">
    <subfield code="a">Cob&#xE1;n, Alta Verapaz</subfield>
    <subfield code="b">Universidad de San Carlos de Guatemala, Centro Universitario del Norte, Licenciatura en Pedagog&#xED;a y Administraci&#xF3;n Educativa con Orientaci&#xF3;n en Medio Ambiente </subfield>
    <subfield code="c">2022</subfield>
  </datafield>
  <datafield tag="300" ind1=" " ind2=" ">
    <subfield code="a">61 p.:</subfield>
    <subfield code="b">Ilustraciones, gr&#xE1;ficas.</subfield>
    <subfield code="c">28 cm;</subfield>
  </datafield>
  <datafield tag="300" ind1=" " ind2=" ">
    <subfield code="c">PDF</subfield>
  </datafield>
  <datafield tag="336" ind1=" " ind2=" ">
    <subfield code="2">rdacontenido</subfield>
    <subfield code="a">Texto</subfield>
    <subfield code="b">txt</subfield>
  </datafield>
  <datafield tag="337" ind1=" " ind2=" ">
    <subfield code="2">rdamedio</subfield>
    <subfield code="a">Computadora</subfield>
    <subfield code="b">n</subfield>
  </datafield>
  <datafield tag="338" ind1=" " ind2=" ">
    <subfield code="2">rdasoporte</subfield>
    <subfield code="a">C&#xF3;digo en l&#xED;nea</subfield>
    <subfield code="b">cr</subfield>
  </datafield>
  <datafield tag="502" ind1=" " ind2=" ">
    <subfield code="e">TPED 0453</subfield>
  </datafield>
  <datafield tag="502" ind1=" " ind2=" ">
    <subfield code="a">Tesis de grado</subfield>
    <subfield code="b">Licenciatura en Pedagog&#xED;a y Administraci&#xF3;n Educativa con Orientaci&#xF3;n en Medio Ambiente</subfield>
    <subfield code="c">Universidad de San Carlos de Guatemala, Centro Universitario del Norte, Licenciatura en Pedagog&#xED;a y Administraci&#xF3;n Educativa con Orientaci&#xF3;n en Medio Ambiente</subfield>
    <subfield code="d">2022</subfield>
    <subfield code="o">TPED 0453</subfield>
  </datafield>
  <datafield tag="520" ind1="1" ind2="4">
    <subfield code="a">El Ejercicio Profesional T&#xE9;cnico Supervisado fue realizado en la Supervisi&#xF3;n Educativa
del Distrito Escolar 16-12-23, del municipio de Santa Mar&#xED;a Cahab&#xF3;n, Alta Verapaz, como
parte del pensum de la carrera de Licenciatura en Pedagog&#xED;a y Administraci&#xF3;n Educativa
con Orientaci&#xF3;n en Medio Ambiente, desarroll&#xE1;ndose en diferentes etapas las cuales
permitieron la realizaci&#xF3;n de procesos administrativos del sector p&#xFA;blico en una
dependencia del MINEDUC.

En la primera etapa de servicio, se realiz&#xF3; un diagn&#xF3;stico institucional dentro de la unidad,
donde se recabo informaci&#xF3;n importante sobre las actividades administrativas del distrito,
localizaci&#xF3;n geogr&#xE1;fica de la instituci&#xF3;n, rese&#xF1;a hist&#xF3;rica, servicios que brinda, debilidades
y fortalezas, las cuales fueron necesarios para el mismo.

En la segunda etapa fue de docencia, se realizaron diferentes actividades enfocadas a las
necesidades presentadas en la unidad de pr&#xE1;ctica, las cuales contribuyeron en el servicio
brindado a los usuarios tales como redacci&#xF3;n de documentos administrativos, participaci&#xF3;n
en reuniones, asesoramiento en tramites diversos y recepci&#xF3;n de expedientes escolares. En
la docencia se realizaron capacitaciones a miembros de la comunidad educativa con temas
relacionados a la educaci&#xF3;n y procesos administrativos en los establecimientos.

La tercera etapa fue de investigaci&#xF3;n, mediante el estudio realizado en el diagn&#xF3;stico el
cual fue necesario para priorizar las necesidades encontradas en &#xE1;reas de la unidad y
usuarios, donde se busc&#xF3; una soluci&#xF3;n a uno de los problemas por medio de procesos
diversos que fueron relevantes a para atender y buscar una soluci&#xF3;n factible, que
minimizara la problem&#xE1;tica atendida.

viii

Todas estas actividades realizadas dentro de la unidad de practica tales como la de servicio,
docencia e investigaci&#xF3;n fueron relevantes para poner de manifiesto habilidades
pedag&#xF3;gicas, t&#xE9;cnicas y administrativas por parte de la epesista, lo cual contribuye a su
desenvolvimiento en las diferentes acciones que se realizan en el &#xE1;mbito educativo.</subfield>
  </datafield>
  <datafield tag="650" ind1="1" ind2="4">
    <subfield code="2">LEMB</subfield>
    <subfield code="a">Santa Mar&#xED;a Cahab&#xF3;n, Alta Verapaz</subfield>
    <subfield code="x">Pedagog&#xED;a</subfield>
    <subfield code="x">Administraci&#xF3;n </subfield>
    <subfield code="x">Capacitaci&#xF3;n </subfield>
    <subfield code="x">Educaci&#xF3;n</subfield>
    <subfield code="x">Investigaci&#xF3;n </subfield>
    <subfield code="x">Supervisi&#xF3;n </subfield>
    <subfield code="x">Inducci&#xF3;n</subfield>
  </datafield>
  <datafield tag="700" ind1=" " ind2=" ">
    <subfield code="a">Lcda. Jessica Liliana Mota Escobar de Tzul</subfield>
    <subfield code="e">Asesor</subfield>
  </datafield>
  <datafield tag="856" ind1=" " ind2=" ">
    <subfield code="u">https://drive.google.com/file/d/1Pb4xFpMO-MJvbFNI3sqV6_80bnEhvb_x/view</subfield>
    <subfield code="y">PDF</subfield>
    <subfield code="z">Un ejemplar en l&#xED;nea.</subfield>
  </datafield>
  <datafield tag="942" ind1=" " ind2=" ">
    <subfield code="2">ddc</subfield>
    <subfield code="c">TES</subfield>
    <subfield code="i">TPED 0453</subfield>
    <subfield code="k">Clasificaci&#xF3;n</subfield>
    <subfield code="n">0</subfield>
    <subfield code="6">TPED_0453_000000000000000</subfield>
  </datafield>
  <datafield tag="999" ind1=" " ind2=" ">
    <subfield code="c">856</subfield>
    <subfield code="d">856</subfield>
  </datafield>
  <datafield tag="952" ind1=" " ind2=" ">
    <subfield code="0">0</subfield>
    <subfield code="1">0</subfield>
    <subfield code="2">ddc</subfield>
    <subfield code="4">0</subfield>
    <subfield code="7">0</subfield>
    <subfield code="8">tes</subfield>
    <subfield code="a">Bicunor</subfield>
    <subfield code="b">Bicunor</subfield>
    <subfield code="c">clt</subfield>
    <subfield code="d">2025-08-07</subfield>
    <subfield code="i">TPED 0453</subfield>
    <subfield code="l">0</subfield>
    <subfield code="o">TPED 0453</subfield>
    <subfield code="p">TPED 0453</subfield>
    <subfield code="r">2025-08-07 18:12:00</subfield>
    <subfield code="w">2025-08-07</subfield>
    <subfield code="y">TES</subfield>
  </datafield>
</record>
